Derechos Humanos y Universidades : ideas para debatir /
Guardado en:
| Autores Corporativos: | , |
|---|---|
| Otros Autores: | |
| Formato: | Libro |
| Idioma: | Undetermined |
| Publicado: |
Ciudad Autónoma de Buenos Aires :
Ministerio de Justicia y Derechos Humanos de la Nación : Secretaría de Derechos Humanos,
2012.
|
| Edición: | 1a. ed. |
| Series: | Pensar en Derechos
|
| Materias: | |
| Acceso en línea: | http://www.jus.gob.ar/media/1129136/26-derechos%5Fhumanos%5Fy%5Funiversidad.pdf |
| Etiquetas: |
Agregar Etiqueta
Sin Etiquetas, Sea el primero en etiquetar este registro!
|
| LEADER | 00901nam a22002175a 4500 | ||
|---|---|---|---|
| 001 | DER.der013751 | ||
| 008 | 181114s2012####xx############000#0#und#d | ||
| 005 | 20260205134629.0 | ||
| 245 | 1 | 0 | |a Derechos Humanos y Universidades : |b ideas para debatir / |c coordinado por María Cristina Perceval. |
| 250 | |a 1a. ed. | ||
| 260 | |a Ciudad Autónoma de Buenos Aires : |b Ministerio de Justicia y Derechos Humanos de la Nación : |b Secretaría de Derechos Humanos, |c 2012. | ||
| 300 | |a 144 p. | ||
| 440 | 0 | |a Pensar en Derechos | |
| 020 | |a 9789871407941 | ||
| 110 | 2 | |a Ministerio de Justicia y Derechos Humanos de la Nación. |b Secretaría de Derechos Humanos. | |
| 700 | 1 | |a Perceval, María Cristina. |4 cnd | |
| 710 | 2 | |a 700. | |
| 653 | |a DERECHOS HUMANOS | ||
| 653 | |a UNIVERSIDAD | ||
| 856 | |u http://www.jus.gob.ar/media/1129136/26-derechos%5Fhumanos%5Fy%5Funiversidad.pdf | ||
| 859 | |a DERECHO |b BIB. DERECHO |h 323 |i MIN |p 008817 | ||
